| 000 | 00562nam a2200193Ia 4500 | ||
|---|---|---|---|
| 005 | 20250923150013.0 | ||
| 008 | 008 250917s9999 xx 000 0 eng d | ||
| 037 | _aTextual | ||
| 040 |
_aDSWL _beng _cDSWL |
||
| 041 |
_aeng _2eng |
||
| 084 |
_aYX;1-m70aW-64.2, N99 _qDSWL |
||
| 245 | 0 |
_aDecentralised Government and NGOs _cEd. by D. Rajasekhar |
|
| 260 |
_aNew Delhi _bConcept Pub. Company _c1999 |
||
| 300 | _a180 p. | ||
| 365 |
_aINR _b300.00 |
||
| 925 | _g300.00 | ||
| 942 |
_cTEXL _hYX;1-m70aW-64.2, N99 |
||
| 999 |
_c1458392 _d1458392 |
||